Państwa według podpowiedzi - litera I - Statystyki

Ogólne statystyki
  • Ten quiz został rozwiązany 37 razy
  • Średni wynik to 7 z 7
Statystyki odpowiedzi
Podpowiedź Państwo % Poprawnych
Największe państwo w ASEAN (Stowarzyszenie Narodów Azji Południowo-Wschodniej) Indonezja
100%
Jego stolica leży nad rzeką Tygrys Irak
100%
Kiedyś nazywało się Persja Iran
100%
Zabronione jest wywożenie jego waluty poza granice państwa Indie
93%
Nie ma tam węży Irlandia
93%
Małżeństwa homoseksualne są tam legalne od 27 czerwca 2010 roku Islandia
93%
Ma drugą największą na świecie flotę samolotów ustępując jedynie USA Izrael
87%
Nie znaleziono quizów pasujących do podanych kryteriów
Rozkład punktacji
Procent ludzi z każdym wynikiem
Percentyl według liczby udzielonych odpowiedzi
Twoja historia wyników
Nie rozwiązałeś tego quizu